Statistics for Greece Country Quiz

Click here to take the quiz!

General Stats

  • This quiz has been taken 16,347 times
    (6,891 since last reset)
  • The average score is 23 of 32

Answer Stats

Hint Answer % Correct
Capital cityAthens
100%
What Greece hosted in 1896 and 2004Summer Olympics
93%
"The Iliad" writerHomer
89%
Name for this letter: ΔDelta
84%
Conqueror of PersiaAlexander the Great
84%
Island - Minoan civilizationCrete
82%
Winner city of the Peloponnesian WarSparta
82%
Empire that Greece became
independent from, in 1830
Ottoman
82%
God of the SeaPoseidon
81%
Most famous templeParthenon
80%
God of the UnderworldHades
80%
God of the Sky and ThunderZeus
79%
Sea between Greece and TurkeyAegean Sea
78%
Hero who completed twelve laborsHeracles
77%
Island - Colossus statueRhodes
74%
Goddess of WisdomAthena
72%
Greek prefix: AnthropoHuman
71%
Greek prefix: AstroStar
71%
Goddess of Love and BeautyAphrodite
69%
Greek prefix: BioLife
68%
Kingdom where the above came fromMacedonia
68%
Oracle cityDelphi
67%
Island - Birthplace of poet SapphoLesbos
64%
God of WarAres
64%
Vegetable Moussaka is made fromEggplant
64%
Shipping magnate who married
Jackie Kennedy
Aristotle Onassis
64%
He said "Eureka!" while bathingArchimedes
59%
Peninsula Greece is situated onBalkan
57%
Former currencyDrachma
53%
Greek for "Greece"Hellas
51%
Greek prefix: TeleDistant
42%
Island - Odysseus's homeIthaca
39%

Score Distribution

Percentile by Number Answered

Percent of People with Each Score

Your Score History

You have not taken this quiz since the last reset